| 000 | 00337nam a22001337a 4500 | ||
|---|---|---|---|
| 008 | 260530b |||||||| |||| 00| 0 eng d | ||
| 020 | _a9789381275385 | ||
| 082 | _a001940 | ||
| 100 | _aPuranik, Hayavadana K | ||
| 245 | _aVaikuntha Varrnane | ||
| 260 |
_aBangalore _bPoorna Prajna Samshodhan Trust _c2023 |
||
| 300 | _a258p | ||
| 942 | _2ddc | ||
| 999 |
_c1470 _d1470 |
||